| 000 | 00369nam a22001577a 4500 | ||
|---|---|---|---|
| 999 |
_c16302 _d16302 |
||
| 003 | OSt | ||
| 008 | 200820b ||||| |||| 00| 0 eng d | ||
| 020 | _a9789327276541 | ||
| 082 |
_a630.715 _bRAY/EX |
||
| 100 |
_aRay,G.L. _94677 |
||
| 245 | _aExtension communication and management | ||
| 250 | _a8 | ||
| 260 |
_aLudhiana _bKalyani _c2017 |
||
| 300 | _a382 | ||
| 942 | _cBK | ||